ロード中...
Heme and chlorophyll: chemical,biochemical and medical aspects
| 第一著者: | |
|---|---|
| フォーマット: | Printed Book |
| 言語: | Undetermined English |
| 出版事項: |
London
D van noistrand co. ltd.
1969
|
| 主題: |
| LEADER | 00664nam a2200193Ia 4500 | ||
|---|---|---|---|
| 008 | 140306s9999 xx 000 0 und d | ||
| 041 | |a eng | ||
| 082 | |a 574. 873 3 |b MAR | ||
| 100 | |a Marks, Gerald S | ||
| 245 | |a Heme and chlorophyll: chemical,biochemical and medical aspects | ||
| 260 | |a London |b D van noistrand co. ltd. |c 1969 | ||
| 300 | |a 208 | ||
| 650 | |a Chlorophyle | ||
| 650 | |a porphyrin metabolism | ||
| 650 | |a pyrolle-containing pigments | ||
| 650 | |a tetra pyrroles | ||
| 942 | |2 ddc |c BK | ||
| 999 | |c 51588 |d 51588 | ||
| 952 | |0 0 |1 0 |2 ddc |4 0 |6 574__873000000000000_3_MAR |7 0 |9 67912 |a KAUACV |b KAUACV |d 2004-05-05 |o 574. 873 3 MAR |p KAU_ACV-14252 |r 2014-03-22 |w 2014-03-22 |y BK | ||